000 00586nam a2200241 a 4500
001 nice12345678
003 IN_TiNIC
005 20260116011917.0
008 050524s1958 beia grp 000 0 eng
020 _a
_c100
082 0 0 _a492.75
_bJON
100 _aJong, Everdene De
245 _aSpoken Arabic of the Arabian Gulf
260 _aBeirut
_bAmerican Press
_c1958
300 _a52p
500 _aincludes index and biblioraphy
505 2 _aIndex
650 _aArabic-Lauguage Spoken
700 1 _aJong, Everdene De
902 _bSRS
942 _cBK
999 _c4883
_d4883